Terraria Armor Sets - Statistics

General Stats
  • This quiz has been taken 448 times
  • The average score is 38 of 82
Answer Stats
Armor Set Defense % Correct
Pre-Hardmode Wood armor 3
98%
Pre-Hardmode Copper armor 6
94%
Pre-Hardmode Gold armor 16
92%
Pre-Hardmode Iron armor 9
91%
Pre-Hardmode Tin armor 7
90%
Pre-Hardmode Platinum armor 20
88%
Pre-Hardmode Lead armor 11
84%
Hardmode Titan armor 45
84%
Hardmode Cobalt armor 17, 26, or 19
82%
Pre-Hardmode Silver armor 13
81%
Pre-Hardmode Tungsten armor 15
81%
Hardmode Mythril armor 24, 37, or 27
79%
Hardmode Palladium armor 21, 23, or 32
79%
Hardmode Adamantite armor 32, 50, or 36
78%
Hardmode Titanium armor 30, 49, or 34
77%
Hardmode Nebula armor 46
76%
Hardmode Orichalcum armor 27, 30, or 42
75%
Hardmode Vortex armor 62
75%
Hardmode Stardust armor 38
74%
Pre-Hardmode Bee armor 13
73%
Pre-Hardmode Cactus armor 5
72%
Pre-Hardmode Molten armor 25
71%
Pre-Hardmode Jungle armor 17
67%
Pre-Hardmode Boreal Wood armor 4
66%
Hardmode Chlorophyte armor 38, 56, or 44
66%
Pre-Hardmode Crimson armor 19
66%
Hardmode Turtle armor 65
66%
Pre-Hardmode Palm Wood armor 4
65%
Hardmode Pearlwood armor 8
65%
Hardmode Hallowed armor 31, 50, or 35
64%
Hardmode Beetle armor 61 or 73
63%
Pre-Hardmode Shadow armor 19
63%
Hardmode Spectre armor 30 or 42
62%
Pre-Hardmode Ebonwood armor 5
60%
Hardmode Shroomite armor 51
58%
Hardmode Solar Flare armor 78
56%
Pre-Hardmode Meteor armor 16
53%
Pre-Hardmode Necro armor 16
52%
Hardmode Spider armor 20
52%
Pre-Hardmode Rich Mahogany armor 4
50%
Pre-Hardmode Shadewood armor 5
50%
Pre-Hardmode Obsidian armor 13
47%
Pre-Hardmode Ninja armor 9
43%
Hardmode Spooky armor 27
42%
Pre-Hardmode Ancient Shadow armor 19
40%
Pre-Hardmode Ancient Cobalt armor 17
39%
Pre-Hardmode Fossil armor 13
37%
Hardmode Frost armor 43
37%
Pre-Hardmode Mining armor 3
36%
Hardmode Tiki armor 35
34%
Pre-Hardmode Pumpkin armor 7
30%
Pre-Hardmode Rain armor 3
27%
Bonus Items Diamond Robe 3
26%
Hardmode Dragon armor 65
26%
Pre-Hardmode Angler armor 4
24%
Bonus Items Ruby Robe 2
24%
Bonus Items Topaz Robe 1
24%
Bonus Items Amethyst Robe 0
23%
Bonus Items Emerald Robe 2
23%
Hardmode Forbidden armor 26
23%
Bonus Items Empty Bucket 1
22%
Bonus Items Sapphire Robe 1
22%
Hardmode Monk armor 46
20%
Bonus Items Wizard Hat 2
20%
Pre-Hardmode Gladiator armor 7
18%
Pre-Hardmode Eskimo/Pink Eskimo armor 4
16%
Hardmode Squire armor 56
16%
Hardmode Spectral armor 40
15%
Hardmode Valhalla Knight armor 64
14%
Hardmode Huntress armor 36
12%
Bonus Items Magic Hat 2
12%
Hardmode Red Riding armor 48
12%
Bonus Items Gi 4
11%
Hardmode Apprentice armor 32
10%
Bonus Items Goggles 1
9%
Bonus Items Viking Helmet 4
8%
Bonus Items Night Vision Helmet 2
7%
Hardmode Dark Artist armor 42
6%
Hardmode Shinobi Infiltrator armor 54
6%
Bonus Items Diving Helmet 2
5%
Bonus Items Gypsy Robe 2
5%
Bonus Items Boots of Ostara 3
1%
No matching quizzes found
Score Distribution
Percent of People with Each Score
Percentile by Number Answered
Your Score History
You have not taken this quiz